An introduction to information theory: symbols, signals & noise (Record no. 4935)
[ view plain ]
| 000 -LEADER | |
|---|---|
| fixed length control field | 00506 a2200181 4500 |
| 020 ## - INTERNATIONAL STANDARD BOOK NUMBER | |
| International Standard Book Number | 0-486-24061-4 |
| 040 ## - CATALOGING SOURCE | |
| Original cataloging agency | DLC |
| Language of cataloging | DLC |
| 082 ## - DEWEY DECIMAL CLASSIFICATION NUMBER | |
| Classification number | 003.54 |
| 082 ## - DEWEY DECIMAL CLASSIFICATION NUMBER | |
| Classification number | 003.54 |
| 100 1# - MAIN ENTRY--PERSONAL NAME | |
| Personal name | Pierce, John R. |
| 245 03 - TITLE STATEMENT | |
| Title | An introduction to information theory: symbols, signals & noise |
| Remainder of title | symbols, signals & noise |
| Statement of responsibility, etc. | Pierce, John R. |
| 250 ## - EDITION STATEMENT | |
| Edition statement | 2., rev. ed. |
| 260 ## - PUBLICATION, DISTRIBUTION, ETC. | |
| Place of publication, distribution, etc. | New York : |
| Name of publisher, distributor, etc. | Dover, |
| Date of publication, distribution, etc. | 1980 |
| 300 ## - PHYSICAL DESCRIPTION | |
| Extent | 305 s. |
| 650 #0 - SUBJECT ADDED ENTRY--TOPICAL TERM | |
| Topical term or geographic name entry element | Information theory. |
| 650 #0 - SUBJECT ADDED ENTRY--TOPICAL TERM | |
| Topical term or geographic name entry element | Informationsteori |
| 942 ## - ADDED ENTRY ELEMENTS (KOHA) | |
| Koha item type | Book |
| Call number prefix | 003.54 PIE |
| Source of classification or shelving scheme | |
| Withdrawn status | Lost status | Damaged status | Not for loan | Collection code | Permanent Location | Current Location | Shelving location | Date acquired | Source of acquisition | Cost, normal purchase price | Total Checkouts | Total Renewals | Full call number | Barcode | Date last seen | Date last checked out | Price effective from | Koha item type |
|---|---|---|---|---|---|---|---|---|---|---|---|---|---|---|---|---|---|---|
| Central Library (CL) | Central Library (CL) | First Floor - Computer Science | 11/26/2007 | Progressive International Agencies | 843.00 | 1 | 3 | 003.54 PIE | SEECS008751 | 01/26/2026 | 07/09/2020 | 01/05/2017 | Book |
